header

Ricky Ricotta's mighty robot vs the naughty nightcrawlers from Nepture. (Record no. 263511)

MARC details
000 -LEADER
fixed length control field 00281nam a22000977a 4500
020 ## - INTERNATIONAL STANDARD BOOK NUMBER
ISBN 9780439377096
100 ## - MAIN ENTRY--AUTHOR NAME
Personal name Dav Pilkey & Dan Santat.
245 ## - TITLE STATEMENT
Title Ricky Ricotta's mighty robot vs the naughty nightcrawlers from Nepture.
260 ## - PUBLICATION, DISTRIBUTION, ETC. (IMPRINT)
Place of publication NewYork
Name of publisher Scholastic Inc
Year of publication 2021
942 ## - ADDED ENTRY ELEMENTS (KOHA)
Koha item type Long Loan Books
Holdings
Withdrawn status Lost status Collection code Home library Current library Shelving location Date acquired Accession Number Koha item type
    Fiction Rongo University Library Rongo University Library Children's Area 22/04/2024 CL/097/2021 Long Loan Books
    Fiction Rongo University Library Rongo University Library Children's Area 23/04/2024 CL2021097 Long Loan Books

© 2026 Rongo University
Contact us: librarian | system librarian | Rongo university